000
00332nam a22001457a 4500
008
221025b ||||| |||| 00| 0 eng d
020
_a
9781591950929
041
_a
eng
080
_2
11TH EDITION
_a
616
082
_a
616
100
_a
14.2
101
_a
PEDI
245
_a
PEDIATRIC DOSAGE HANDBOOK
_c
TAKETOMO C
942
_2
udc
_c
BK
999
_c
58670
_d
58670